Μουσεία σε μνημεία: : μια πρόκληση : ημερίδα Βυζαντινό [και] Χριστιανικό Μουσείο, Πέμπτη 25 Απριλίου 2002

Αποθηκεύτηκε σε:
Λεπτομέρειες βιβλιογραφικής εγγραφής
Συλλογικό Έργο: Υπουργείο Πολιτισμού, Βυζαντινό και Χριστιανικό Μουσείο (Αθήνα)
Μορφή: Βιβλίο
Γλώσσα:Greek
Δημοσίευση: Αθήνα : Υπουργείο Πολιτισμού, Βυζαντινό και Χριστιανικό Μουσείο, 2008
Σειρά:Μικρά μουσειολογικά ; ; 2
Θέματα:
Ετικέτες: Προσθήκη ετικέτας
Δεν υπάρχουν, Καταχωρήστε ετικέτα πρώτοι!

MARC

LEADER 00000cam a2200000 i 4500
001 1/6130
008 100326s2008 gre d
020 |a 978-960-214-609-5 
035 |l 10107404 
040 |a GR-MY-UA  |b gre  |e aacr 
041 0 |a gre 
082 0 |a 069.09495  |2 (22) 
245 1 0 |a Μουσεία σε μνημεία: :  |b μια πρόκληση : ημερίδα Βυζαντινό [και] Χριστιανικό Μουσείο, Πέμπτη 25 Απριλίου 2002 /  |c Βυζαντινό και Χριστιανικό Μουσείο ; Υπουργείο Πολιτισμού 
260 |a Αθήνα :   |b Υπουργείο Πολιτισμού,   |b Βυζαντινό και Χριστιανικό Μουσείο,   |c 2008 
300 |a 197 σ.;  |b εικ. (μερ. έγχρ.);  |c 28 εκ. 
490 1 |a Μικρά μουσειολογικά  |v ; 2 
650 0 0 |a Museums  |z Greece  |x Congresses. 
650 0 0 |a Museum buildings  |z Greece. 
710 2 |a Υπουργείο Πολιτισμού. 
710 2 |a Βυζαντινό και Χριστιανικό Μουσείο (Αθήνα) 
830 0 |a Μικρά μουσειολογικά ;  |v ; 2 
852 |a INST  |b LESVOS  |e 20100326  |h 069.09495 ΜΟΥ  |p 005100046781  |q 005100046781  |t BK  |y 0 
901 |a BIBL1-2010-1 
909 |a Λ  |b 162948 
970 |a ΚΑΡΑ  |b ΓΙΑΣΕΜΗ  |z 2010/03/26